Puissance Militaire - Classement des États - Statistiques

Statistiques générales
  • Ce quiz a été pris 361 fois
  • Le résultat moyen est 24 sur 30
Statistiques - réponses
Hint Réponse % Correct
2 Russie
100%
3 Chine
99%
1 Etats-Unis
99%
9 France
99%
5 Royaume-Uni
96%
8 Japon
95%
12 Brésil
93%
4 Inde
93%
21 Espagne
92%
10 Italie
92%
25 Allemagne
91%
6 Corée du Sud
91%
27 Canada
90%
28 Argentine
84%
16 Australie
82%
17 Iran
81%
11 Turquie
81%
26 Algérie
80%
7 Pakistan
79%
20 Pologne
79%
14 Egypte
78%
15 Ukraine
77%
22 Arabie Saoudite
71%
18 Israël
68%
13 Indonésie
66%
24 Thaïlande
54%
19 Viêt Nam
54%
30 Grèce
48%
23 Taïwan
40%
29 Singapour
14%
Aucun quiz correspondant
Distribution des résultats
% des personnes avec chaque résultat
Percentile par nombre de réponses
Votre historique - résultats
Vous n’avez pas pris ce quiz